000 01282cam a2200397 i 4500
001 bg
003 KOSZ 005
005 20191002090808.0
008 980713s1997 pl a f f |000 0 pol
015 _aPB 1997/4856
020 _a8321338526
020 _a9187334003
040 _aWA N
_cKOSZ 005/HR
_dKOSZ 005/HR
041 1 _apol
_hswe
046 _k1997
080 _a691
080 _a624.012.4
080 _a620.193
080 _a(07)
100 1 _aFagerlund, Göran
_d(1937- )
_eAutor
245 1 0 _aTrwałość konstrukcji betonowych /
_cGöran Fagerlund ; tł. ze szw. Wojciech Roszak.
246 1 _iTyt. oryg.:
_aBetongkonstruktioners Beständighet.
260 _aWarszawa :
_b"Arkady",
_c1997.
300 _a93, [3] s. :
_brys., wykr. ;
_c25 cm.
380 _aKsiążki
650 4 _aWytrzymałość materiałów
650 4 _aZbrojenie betonu
650 4 _aKorozja i erozja
650 4 _aKonstrukcje betonowe
658 _aArchitektura i budownictwo
655 4 _aPodręcznik
700 1 _aRoszak, Wojciech
_d(1929- )
_eTłumaczenie
710 2 _aWydawnictwo "Arkady".
_4pbl.
856 _uhttp://koha.tu.koszalin.pl/cgi-bin/koha/opac-detail.pl?biblionumber=32445
_yKatalog online BPK
942 _2UKD
_cKS
999 _c32445
_d32445